[Event "GER-ch Youth U12M 2018"]
[Site "Willingen"]
[Date "2018.05.24"]
[Round "8"]
[White "Haack, Kevin"]
[Black "Halabi, Ibrahim"]
[Result "1-0"]
[WhiteElo "1846"]
[BlackElo "1701"]
[Annotator "NA"]
[PlyCount "99"]
[EventDate "2018.05.19"]
[EventType "swiss"]
[EventCountry "GER"]
[SourceTitle "playchess.com"]
[Source "ChessBase"]
[SourceQuality "1"]
[TimeControl "40/4500+30:900+30"]

1. c4 {[%emt 0:00:00]} e6 {[%emt 0:00:04]} 2. g3 {[%emt 0:00:00]} d5 {[%emt 0:00:13]} 3. Bg2 {[%emt 0:00:00]} Nf6 {[%emt 0:00:14]} 4. Nf3 {[%emt 0:00:00]} c6 {[%emt 0:00:38]} 5. O-O {[%emt 0:00:01]} Nbd7 {[%emt 0:00:40]} 6. d4 {[%emt 0:00:15]} Be7 {[%emt 0:01:08]} 7. Qc2 {[%emt 0:00:13]} O-O {[%emt 0:00:35]} 8. Nbd2 {[%emt 0:00:30]} h6 {[%emt 0:08:42]} 9. e4 {[%emt 0:00:19]} dxe4 {[%emt 0:00:38]} 10. Nxe4 {[%emt 0:00:09]} Nxe4 {[%emt 0:00:10]} 11. Qxe4 {[%emt 0:00:06]} Nf6 {[%emt 0:00:05] E09: Katalanisch} (11... Bf6 12. Bf4 Re8 13. Rad1 Qe7 14. Rfe1 Nb6 15. Ne5 Bxe5 16. dxe5 Rb8 17. Rd6 c5 18. Be3 Qc7 19. Red1 Bd7 20. Qg4 Kf8 21. b3 Rbd8 22. Qe4 Bc6 23. Qh7 Bxg2 24. Rxd8 Rxd8 25. Bxc5+ {1-0 (25) Howell,D (2644)-Verma,A (2054) London 2016}) 12. Qc2 {[%emt 0:00:25]} Bd6 {[%emt 0:03:45]} 13. b3 {[%emt 0:02:08]} Bd7 {[%emt 0:06:00]} 14. Bb2 {[%emt 0:01:56]} Rc8 {[%emt 0:01:01]} 15. Rad1 {[%emt 0:02:27]} Qa5 $146 {[%emt 0:16:40]} ({Vorgänger:} 15... Re8 16. Rfe1 Qa5 17. Ne5 Rcd8 18. a3 Bc8 19. b4 {1-0 (31) Pavlovic,D (2245)-Masovic,B Belgrade 2004}) 16. Ne5 {[%emt 0:05:54]} Be8 {[%emt 0:04:32]} 17. Rfe1 {[%emt 0:05:06]} Nd7 {[%emt 0:03:48]} 18. Bc3 {[%emt 0:05:57]} Bb4 {[%emt 0:02:55]} 19. Bxb4 {[%emt 0:00:55]} Qxb4 {[%emt 0:00:10]} 20. Nd3 {[%emt 0:00:43]} Qb6 {[%emt 0:02:25]} 21. Nb2 {[%emt 0:04:19]} Qc7 {[%emt 0:02:27]} 22. c5 {[%emt 0:04:07]} b6 {[%emt 0:03:24]} 23. Nc4 {[%emt 0:03:29]} b5 {[%emt 0:07:12]} 24. Nd6 {[%emt 0:00:21]} Rd8 {[%emt 0:00:05]} 25. Qe4 {[%emt 0:18:21]} Nb8 {[%emt 0:08:24]} 26. Rd3 {[%emt 0:04:46]} Qe7 $18 {[%emt 0:00:47]} 27. Qf4 {[%emt 0:07:22]} Na6 {[%emt 0:01:50]} 28. a3 {[%emt 0:05:11]} Nc7 {[%emt 0:00:46]} 29. Nf5 {[%emt 0:00:32]} Qd7 {[%emt 0:01:33]} 30. Bxc6 {[%emt 0:00:53]} Nd5 {[%emt 0:01:28]} 31. Nxh6+ {[%emt 0:03:29]} Kh8 {[%emt 0:01:00]} 32. Qh4 {[%emt 0:01:36]} Qe7 {[%emt 0:03:08]} 33. Nxf7+ {[%emt 0:00:25]} Kg8 {[%emt 0:00:41]} 34. Qxe7 {[%emt 0:00:54]} Nxe7 {[%emt 0:00:12]} 35. Nxd8 {[%emt 0:00:10]} Nxc6 {[%emt 0:00:20]} 36. Nxc6 {[%emt 0:00:18]} Bxc6 {[%emt 0:00:06]} 37. Rxe6 {[%emt 0:00:13]} Bd5 {[%emt 0:00:41]} 38. Re5 {[%emt 0:00:07]} Rd8 {[%emt 0:00:44]} 39. Rxd5 {[%emt 0:00:18]} Rxd5 {[%emt 0:00:10]} 40. c6 {[%emt 0:00:06]} Rd8 {[%emt 0:15:06]} 41. d5 {[%emt 0:15:07]} Kf7 {[%emt 0:00:07]} 42. d6 {[%emt 0:00:08]} Ke6 {[%emt 0:00:47]} 43. c7 {[%emt 0:00:08]} Rc8 {[%emt 0:00:34]} 44. d7 {[%emt 0:00:04]} Rxc7 {[%emt 0:00:09]} 45. d8=Q {[%emt 0:00:08]} Rc1+ {[%emt 0:00:16]} 46. Kg2 {[%emt 0:00:10]} Ra1 {[%emt 0:00:13]} 47. Re3+ {[%emt 0:00:09]} Kf5 {[%emt 0:00:09]} 48. Qf8+ {[%emt 0:00:10]} Kg6 {[%emt 0:00:10]} 49. g4 {[%emt 0:00:21]} b4 {[%emt 0:00:30]} 50. Qf5+ {[%emt 0:00:05]} 1-0

[Event "GER-ch Youth U12M 2018"]
[Site "Willingen"]
[Date "2018.05.24"]
[Round "8"]
[White "May, Ben-Iven"]
[Black "Bakiev, Diyor"]
[Result "1/2-1/2"]
[WhiteElo "1769"]
[BlackElo "1752"]
[Annotator "NA"]
[PlyCount "159"]
[EventDate "2018.05.19"]
[EventType "swiss"]
[EventCountry "GER"]
[SourceTitle "playchess.com"]
[Source "ChessBase"]
[SourceQuality "1"]
[TimeControl "40/4500+30:900+30"]

1. e4 {[%emt 0:00:00]} e5 {[%emt 0:00:07]} 2. Nf3 {[%emt 0:00:00]} Nc6 {[%emt 0:00:09]} 3. Bb5 {[%emt 0:00:14]} a6 {[%emt 0:00:29]} 4. Ba4 {[%emt 0:00:27]} Nf6 {[%emt 0:00:23]} 5. O-O {[%emt 0:00:09]} Be7 {[%emt 0:00:15]} 6. Re1 {[%emt 0:00:25]} b5 {[%emt 0:00:33]} 7. Bb3 {[%emt 0:00:08]} O-O {[%emt 0:00:18]} 8. c3 {[%emt 0:00:35]} d6 {[%emt 0:01:11]} 9. d3 {[%emt 0:00:46]} Bb7 {[%emt 0:04:55]} 10. Nbd2 {[%emt 0:03:05]} Na5 {[%emt 0:05:10]} 11. Bc2 {[%emt 0:01:42]} Re8 {[%emt 0:00:56]} 12. Nf1 {[%emt 0:01:52]} Bf8 {[%emt 0:01:05]} 13. Ng3 {[%emt 0:00:35]} g6 {[%emt 0:02:54]} 14. Bg5 {[%emt 0:02:19]} Bg7 {[%emt 0:02:02]} 15. Qd2 {[%emt 0:00:21]} c5 {[%emt 0:04:09]} 16. Bh6 {[%emt 0:02:02]} Nd7 {[%emt 0:11:15]} 17. Bxg7 {[%emt 0:00:13]} Kxg7 {[%emt 0:00:03]} 18. Rad1 {[%emt 0:06:39]} Nf8 {[%emt 0:05:07]} 19. b3 {[%emt 0:04:04]} f6 {[%emt 0:07:09]} 20. d4 {[%emt 0:04:13]} Qc7 {[%emt 0:02:36]} 21. h4 {[%emt 0:10:20]} Rad8 {[%emt 0:04:51]} 22. d5 {[%emt 0:01:01]} Bc8 {[%emt 0:01:30]} 23. Rc1 Nb7 {[%emt 0:02:11]} 24. c4 {[%emt 0:06:00]} b4 {[%emt 0:03:35]} 25. a4 Na5 {[%emt 0:02:10]} 26. Rb1 {[%emt 0:03:05]} Qf7 {[%emt 0:01:28]} 27. Bd1 {[%emt 0:07:00]} Nd7 {[%emt 0:01:55]} 28. Kh2 {[%emt 0:04:51]} Rh8 {[%emt 0:01:50]} 29. Kg1 {[%emt 0:02:42]} Rdg8 {[%emt 0:01:28]} 30. Rb2 {[%emt 0:02:20]} Nb6 {[%emt 0:00:36]} 31. Rb1 {[%emt 0:03:30]} h5 {[%emt 0:02:09]} 32. Kf1 {[%emt 0:05:59]} Kf8 {[%emt 0:01:17]} 33. Kg1 {[%emt 0:05:19]} g5 {[%emt 0:06:36]} 34. Rf1 {[%emt 0:06:33]} Bg4 {[%emt 0:06:21]} 35. Qe3 {[%emt 0:00:43]} Qg7 {[%emt 0:00:57]} 36. Be2 {[%emt 0:00:32]} gxh4 {[%emt 0:01:18]} 37. Nxh4 {[%emt 0:00:09]} Bxe2 {[%emt 0:00:08]} 38. Qxe2 {[%emt 0:00:02]} Qg5 {[%emt 0:00:35]} 39. Nf3 {[%emt 0:00:24]} Qg4 {[%emt 0:01:12]} 40. Nh2 {[%emt 0:00:44]} Qxe2 {[%emt 0:16:57]} 41. Nxe2 {[%emt 0:15:04]} h4 {[%emt 0:00:00]} 42. f4 {[%emt 0:00:00]} Ke7 {[%emt 0:00:00]} 43. Kf2 {[%emt 0:00:00]} Rg7 {[%emt 0:00:00]} 44. f5 {[%emt 0:00:00]} Rhg8 {[%emt 0:00:00]} 45. Rg1 {[%emt 0:00:00]} Rg3 {[%emt 0:00:00]} 46. Nf3 {[%emt 0:00:00]} R3g4 {[%emt 0:00:00]} 47. Ke3 {[%emt 0:00:00]} Rxg2 {[%emt 0:00:00]} 48. Rxg2 {[%emt 0:00:00]} Rxg2 {[%emt 0:00:00]} 49. Nxh4 {[%emt 0:00:00]} Rh2 {[%emt 0:00:00]} 50. Nf3 {[%emt 0:00:00]} Rh3 {[%emt 0:00:00]} 51. Kf2 {[%emt 0:00:00]} Rh7 {[%emt 0:00:00]} 52. Ke3 {[%emt 0:00:00]} Rg7 {[%emt 0:00:00]} 53. Kf2 {[%emt 0:00:00]} Rg4 {[%emt 0:00:00]} 54. Ke3 {[%emt 0:00:00]} Rg2 {[%emt 0:01:16]} 55. Nh4 {[%emt 0:00:00]} Rg4 {[%emt 0:00:24]} 56. Nf3 {[%emt 0:00:00]} Nbxc4+ {[%emt 0:01:17]} 57. bxc4 {[%emt 0:00:11]} Nxc4+ {[%emt 0:00:05]} 58. Kd3 {[%emt 0:00:43]} Na3 {[%emt 0:00:23]} 59. Rb2 {[%emt 0:01:36]} c4+ {[%emt 0:00:49]} 60. Ke3 {[%emt 0:00:13]} a5 {[%emt 0:00:24]} 61. Ra2 {[%emt 0:00:54]} Kd7 {[%emt 0:01:12]} 62. Nd2 {[%emt 0:01:24]} Kc7 {[%emt 0:00:41]} 63. Kf3 {[%emt 0:01:13]} Rh4 {[%emt 0:00:17]} 64. Kg3 {[%emt 0:00:10]} Rh1 {[%emt 0:00:22]} 65. Kf2 {[%emt 0:00:37]} Kb6 {[%emt 0:01:00]} 66. Rxa3 {[%emt 0:00:15]} bxa3 {[%emt 0:00:05]} 67. Nxc4+ {[%emt 0:00:03]} Kc5 {[%emt 0:00:11]} 68. Nxa3 {[%emt 0:00:03]} Ra1 {[%emt 0:00:37]} 69. Nc2 {[%emt 0:01:31]} Rxa4 {[%emt 0:00:29]} 70. Ke3 {[%emt 0:00:04]} Ra2 {[%emt 0:00:32]} 71. Kd3 {[%emt 0:00:24]} Rb2 {[%emt 0:01:03]} 72. Kc3 {[%emt 0:01:06]} Rb8 {[%emt 0:00:35]} 73. Nc1 {[%emt 0:00:41]} a4 {[%emt 0:00:35]} 74. Nd3+ {[%emt 0:00:17]} Kb6 {[%emt 0:00:57]} 75. Kb4 {[%emt 0:01:45]} Rh8 {[%emt 0:00:32]} 76. Nce1 {[%emt 0:02:16]} Ra8 {[%emt 0:00:53]} 77. Nc2 {[%emt 0:00:23]} Rh8 78. Nce1 Rh4 79. Nf2 Rf4 80. Ned3 1/2-1/2

[Event "GER-ch Youth U12M 2018"]
[Site "Willingen"]
[Date "2018.05.24"]
[Round "8"]
[White "Lutz, Adam"]
[Black "Weidenhoefer, Max"]
[Result "1/2-1/2"]
[WhiteElo "1761"]
[BlackElo "1709"]
[Annotator "NA"]
[PlyCount "58"]
[EventDate "2018.05.19"]
[EventType "swiss"]
[EventCountry "GER"]
[SourceTitle "playchess.com"]
[Source "ChessBase"]
[SourceQuality "1"]
[TimeControl "40/4500+30:900+30"]

1. e4 {[%emt 0:00:00]} e6 {[%emt 0:00:12]} 2. d4 {[%emt 0:01:36]} d5 {[%emt 0:00:08]} 3. exd5 {[%emt 0:02:28]} exd5 {[%emt 0:00:13]} 4. Bd3 {[%emt 0:00:09]} Bd6 {[%emt 0:01:35]} 5. Ne2 {[%emt 0:01:03]} Ne7 {[%emt 0:00:50]} 6. O-O {[%emt 0:01:38]} O-O {[%emt 0:01:44]} 7. Ng3 {[%emt 0:04:28]} h6 {[%emt 0:05:43]} 8. Qh5 {[%emt 0:02:19]} Nd7 {[%emt 0:12:06]} 9. Bxh6 {[%emt 0:03:07]} gxh6 {[%emt 0:03:43]} 10. Qxh6 {[%emt 0:00:08]} f5 {[%emt 0:04:41]} 11. Nxf5 {[%emt 0:01:32]} Nxf5 {[%emt 0:13:41]} 12. Bxf5 {[%emt 0:00:15]} Rxf5 {[%emt 0:01:30]} 13. Qg6+ {[%emt 0:00:09]} Kh8 {[%emt 0:00:12]} 14. Qxf5 {[%emt 0:00:24]} Nf6 {[%emt 0:00:12]} 15. Qg5 {[%emt 0:07:25]} Bxh2+ {[%emt 0:01:14]} 16. Kh1 {[%emt 0:00:01]} Bd6 {[%emt 0:07:00]} 17. g3 {[%emt 0:01:16]} Qf8 {[%emt 0:02:54]} 18. Kg2 {[%emt 0:03:14]} Nh7 {[%emt 0:09:20]} 19. Rh1 {[%emt 0:02:32]} Qf5 {[%emt 0:03:33]} 20. Qd8+ {[%emt 0:04:19]} Kg7 {[%emt 0:00:41]} 21. Qh4 {[%emt 0:00:19]} Be6 {[%emt 0:01:05]} 22. Nd2 {[%emt 0:02:57]} Rf8 {[%emt 0:00:34]} 23. Qh6+ {[%emt 0:01:00]} Kg8 {[%emt 0:00:20]} 24. Qe3 {[%emt 0:00:34]} Nf6 {[%emt 0:02:13]} 25. Rae1 {[%emt 0:06:36]} Bd7 {[%emt 0:00:15]} 26. Qh6 {[%emt 0:01:11]} Nh7 {[%emt 0:00:34]} 27. Qe3 {[%emt 0:11:23]} Nf6 {[%emt 0:01:53]} 28. Qh6 {[%emt 0:02:15]} Nh7 {[%emt 0:00:25]} 29. Qe3 Re8 1/2-1/2

[Event "GER-ch Youth U12M 2018"]
[Site "Willingen"]
[Date "2018.05.24"]
[Round "8"]
[White "Garner, Isaac"]
[Black "Hommer, Jeremy"]
[Result "1/2-1/2"]
[WhiteElo "1751"]
[BlackElo "1897"]
[Annotator "NA RC"]
[PlyCount "81"]
[EventDate "2018.05.19"]
[EventType "swiss"]
[EventCountry "GER"]
[SourceTitle "playchess.com"]
[Source "ChessBase"]
[SourceQuality "1"]
[TimeControl "40/4500+30:900+30"]

1. e4 {[%emt 0:00:00]} e6 {[%emt 0:00:08]} 2. d4 {[%emt 0:00:00]} d5 {[%emt 0:00:04]} 3. Nd2 {[%emt 0:00:00]} Nf6 {[%emt 0:00:07]} 4. e5 {[%emt 0:00:00]} Nfd7 {[%emt 0:00:05]} 5. Bd3 {[%emt 0:00:00]} c5 {[%emt 0:00:19]} 6. c3 {[%emt 0:00:04]} Nc6 {[%emt 0:00:33]} 7. Ne2 {[%emt 0:00:08]} cxd4 {[%emt 0:00:58]} 8. cxd4 {[%emt 0:00:08]} f6 {[%emt 0:01:36]} 9. exf6 {[%emt 0:00:07]} Qxf6 {[%emt 0:09:10]} 10. Nf3 {[%emt 0:01:00]} h6 {[%emt 0:08:07]} 11. O-O {[%emt 0:06:47]} Bd6 {[%emt 0:01:47]} 12. Re1 {[%emt 0:03:24] LiveBook: 3 Partien C06: French Tarrasch: 3...Nf6 4 e5 Nfd7 5 Bd3 main lines} O-O {[%emt 0:03:00]} 13. Be3 {[%emt 0:03:43]} Rd8 {[%emt 0:05:04]} 14. Nc3 {[%emt 0:20:57]} Nf8 {[%emt 0:06:37]} 15. Rc1 {[%emt 0:07:07]} Bd7 {[%emt 0:06:58]} 16. a3 {[%emt 0:03:14]} Be8 {[%emt 0:02:35]} 17. Rc2 $146 {[%emt 0:10:34]} ({Predecessor:} 17. h3 Bh5 18. Be2 Bf7 19. Na4 Ng6 20. Nc5 Rab8 21. Bb5 {½-½ (61) Alzate,D (2360)-Hjartarson,J (2585) New York 1997}) 17... Bh5 {[%emt 0:01:03]} 18. Be2 {[%emt 0:00:14]} Rac8 {[%emt 0:04:41]} 19. h3 {[%emt 0:11:58]} a6 {[%emt 0:09:25]} 20. Nh2 {[%emt 0:03:12]} Bg6 {[%emt 0:02:57]} 21. Bd3 {[%emt 0:01:25]} Bxd3 {[%emt 0:09:46]} 22. Qxd3 {[%emt 0:00:29]} b5 {[%emt 0:01:24]} 23. Ng4 {[%emt 0:04:46]} Qg6 {[%emt 0:00:03]} 24. Qxg6 {[%emt 0:00:47]} Nxg6 {[%emt 0:00:01]} 25. Rec1 {[%emt 0:01:17]} Na5 {[%emt 0:01:52]} 26. Ne2 {[%emt 0:02:34]} Rxc2 {[%emt 0:00:35]} 27. Rxc2 {[%emt 0:00:01]} Nc4 {[%emt 0:00:36]} 28. Bc1 {[%emt 0:01:45]} Kf7 {[%emt 0:02:00]} 29. f4 {[%emt 0:01:12]} Ne7 {[%emt 0:01:49]} 30. Ne5+ {[%emt 0:00:35]} Bxe5 {[%emt 0:00:11]} 31. fxe5 {[%emt 0:00:25]} g5 {[%emt 0:00:11]} 32. b3 {[%emt 0:00:52]} Na5 {[%emt 0:00:27]} 33. Rc3 {[%emt 0:01:13]} Rc8 {[%emt 0:01:40]} 34. Rxc8 {[%emt 0:00:41]} Nxc8 {[%emt 0:00:01]} 35. b4 {[%emt 0:00:51]} Nc4 {[%emt 0:01:13]} 36. g4 {[%emt 0:00:36]} Ne7 {[%emt 0:00:40]} 37. Kf1 {[%emt 0:00:41]} Nc6 {[%emt 0:00:22]} 38. Ke1 {[%emt 0:00:07]} Ke7 {[%emt 0:01:28]} 39. Kd1 {[%emt 0:00:11]} Kf7 {[%emt 0:02:21]} 40. Kc2 $11 {[%emt 0:01:11]} Nb6 {[%emt 0:17:28]} 41. Kd3 {[%emt 0:02:04]} 1/2-1/2

[Event "GER-ch Youth U12M 2018"]
[Site "Willingen"]
[Date "2018.05.24"]
[Round "8"]
[White "Werner, Denis"]
[Black "Wagner, Leopold Franziskus"]
[Result "1-0"]
[WhiteElo "1706"]
[BlackElo "2234"]
[Annotator "TA"]
[PlyCount "127"]
[EventDate "2018.05.19"]
[EventType "swiss"]
[EventCountry "GER"]
[SourceTitle "playchess.com"]
[Source "ChessBase"]
[SourceQuality "1"]

{[%evp 12,126,0,0,18,-17,20,-50,58,41,35,33,35,42,52,0,0,2,58,74,78,84,79,95,187,165,156,166,134,-41,113,113,88,102,114,103,102,70,111,106,132,145,170,156,152,67,68,60,230,222,235,235,235,235,235,235,235,227,218,218,247,247,239,242,285,285,285,285,283,266,289,278,275,113,117,109,746,268,800,790,770,759,783,846,788,734,748,733,886,734,1160,1080,1360,1777,1603,1489,5761,4134,29978,29979,29988,29989,29990,29984,29985,0,29992,29993,29994,29993,29994,29995,29996,29997,29998,29999,29999]} 1. e4 c5 2. c3 Nf6 3. e5 Nd5 4. d4 cxd4 5. Qxd4 e6 6. Nf3 Nc6 7. Qe4 {LiveBook: 693 Partien} a6 {B22: Sizilianisch (Alapin 2.c3)} (7... d6 8. Nbd2 dxe5 9. Nxe5 Bd7 10. Nxd7 Qxd7 11. Nf3 Bc5 12. Bb5 O-O 13. O-O Qc7 14. Ng5 Nf6 15. Qe2 a6 16. Ba4 Rad8 17. Bc2 {½-½ (61) Georgiev,K (2623)-Kasimdzhanov,R (2683) Riadh 2017}) 8. Nbd2 b5 9. c4 $146 ({Günstiger ist} 9. Bd3 $11) ({Vorgänger:} 9. Bd3 Bb7 10. O-O Na5 11. Qe1 Be7 12. Ne4 O-O 13. Qe2 Rc8 14. Bd2 Nc4 15. Bxc4 Rxc4 {1-0 (40) Ripper,M-Melzer DDR 1984}) 9... Nc7 (9... bxc4 $15 10. Nxc4 f5) 10. Bd3 Bb7 11. Qe2 Be7 12. O-O O-O 13. Ne4 bxc4 14. Bxc4 Nb5 (14... Nxe5 $11 15. Nxe5 Bxe4) 15. Rd1 $14 Qc7 16. Bf4 Nb4 17. Rac1 Bc6 (17... Qd8 $16) 18. a3 $1 $18 {[%cal Ra3b4]} Nd5 19. Bxd5 $1 exd5 20. Rxd5 $2 (20. Ng3 $16) 20... Bxd5 $2 (20... Qb7 $15 {bleibt weiter vorne.} 21. Rxc6 (21. Nc5 Qa7 $15) 21... Qxc6) 21. Rxc7 $16 Nxc7 22. Qd3 Bxe4 23. Qxe4 Ne6 24. Be3 Rab8 25. b4 Rfd8 26. g3 d5 {[#]} 27. exd6 $1 Bxd6 28. Ng5 (28. Qc6 $16) 28... Nxg5 $14 29. Bxg5 f6 $2 ({Lieber} 29... Re8 $14 30. Qc4 Re6) 30. Be3 $18 Kh8 31. Qc6 Be5 32. Qxa6 Ra8 33. Qb6 Rdb8 34. Qc6 Rxa3 35. b5 Rd3 36. b6 Rd6 37. Qa4 h6 38. f4 Bc3 39. Kf2 Rdd8 40. Kf3 f5 41. Qa7 Ra8 42. Qc7 (42. Qe7 $18 {bietet bessere Gewinnchancen.} Bf6 43. Qc5) 42... Rac8 $16 43. Qf7 Ba5 $2 {[%mdl 8192]} (43... Bf6 $16) 44. b7 $2 (44. Qxf5 Be1 {[#]} 45. Bd4 $1 {[%mdl 512]}) 44... Rc7 $2 (44... Rc3 45. Qe7 Rb8) 45. Qxf5 $18 Rxb7 46. Qxa5 Rbd7 47. Qe5 Rd5 48. Qe7 R5d7 49. Qe4 Rd5 50. Bb6 R8d7 51. g4 Rd3+ 52. Be3 Rd8 53. h4 {[%cal Bh2h4,Bh4g5,Bg5g6][%mdl 32]} R3d6 54. f5 Kg8 55. g5 hxg5 56. hxg5 Rd5 57. Qc4 Kh8 58. Qe4 $2 (58. Kg4 {setzt Matt} R5d6 59. g6 Rd1 60. Qc7 R1d6 61. Qe7 Rd3 62. Bc5 Kg8 63. Qf7+ Kh8 64. f6) 58... R5d6 $2 {[%mdl 8192]} (58... Kg8 $11 59. Qe6+ Kh8) 59. g6 {Weiß setzt Matt.} Rd5 60. Bg5 Rd3+ 61. Ke2 R3d4 62. Qh1+ Kg8 63. Qh7+ Kf8 64. Qh8# {Precision: Weiß = 62%, Schwarz = 33%.} 1-0

[Event "GER-ch Youth U12M 2018"]
[Site "Willingen"]
[Date "2018.05.24"]
[Round "8"]
[White "Amato, Cristiano"]
[Black "Prieb, Robert"]
[Result "0-1"]
[WhiteElo "1681"]
[BlackElo "1709"]
[Annotator "NA"]
[PlyCount "94"]
[EventDate "2018.05.19"]
[EventType "swiss"]
[EventCountry "GER"]
[SourceTitle "playchess.com"]
[Source "ChessBase"]
[SourceQuality "1"]
[TimeControl "40/4500+30:900+30"]

1. e4 {[%emt 0:00:00]} c5 {[%emt 0:00:06]} 2. Nf3 {[%emt 0:00:00]} d6 {[%emt 0:00:08]} 3. Bb5+ {[%emt 0:00:00]} Bd7 {[%emt 0:00:14]} 4. Bxd7+ {[%emt 0:00:12]} Qxd7 {[%emt 0:00:11]} 5. O-O {[%emt 0:00:16]} Nc6 {[%emt 0:00:20]} 6. c3 {[%emt 0:00:18]} Nf6 {[%emt 0:00:16]} 7. d4 {[%emt 0:00:45]} cxd4 {[%emt 0:00:16]} 8. cxd4 {[%emt 0:00:12]} d5 {[%emt 0:00:25]} 9. e5 {[%emt 0:00:34]} Ne4 {[%emt 0:00:21]} 10. Ne1 {[%emt 0:00:46]} f6 {[%emt 0:00:31]} 11. f3 {[%emt 0:02:54]} Ng5 {[%emt 0:00:17]} 12. Bxg5 {[%emt 0:00:55]} fxg5 {[%emt 0:00:07]} 13. Nc3 {[%emt 0:01:01]} e6 {[%emt 0:01:38]} 14. Qd2 {[%emt 0:02:05]} Be7 {[%emt 0:00:54]} 15. a3 {[%emt 0:01:02]} O-O {[%emt 0:01:11]} 16. Nc2 {[%emt 0:01:47]} Na5 {[%emt 0:03:58]} 17. Qe2 {[%emt 0:02:24]} Rac8 {[%emt 0:05:43]} 18. Rab1 {[%emt 0:03:02]} Nc4 {[%emt 0:03:15]} 19. Ne3 {[%emt 0:08:03]} a6 {[%emt 0:16:11]} 20. Nxc4 {[%emt 0:04:16]} Rxc4 {[%emt 0:01:30]} 21. Rfd1 {[%emt 0:02:58]} Bxa3 {[%emt 0:13:05]} 22. bxa3 {[%emt 0:07:38]} Rxc3 {[%emt 0:00:22]} 23. Qb2 {[%emt 0:00:43]} Rc7 {[%emt 0:02:19]} 24. Rdc1 {[%emt 0:03:21]} Rfc8 {[%emt 0:05:43]} 25. Kf2 {[%emt 0:06:44]} h6 {[%emt 0:02:21]} 26. Rxc7 {[%emt 0:03:38]} Rxc7 {[%emt 0:00:10]} 27. Rc1 {[%emt 0:01:18]} Rxc1 {[%emt 0:01:45]} 28. Qxc1 {[%emt 0:00:18]} Qc6 {[%emt 0:00:25]} 29. Qxc6 {[%emt 0:05:55]} bxc6 {[%emt 0:00:10]} 30. Ke3 {[%emt 0:00:11]} Kf7 {[%emt 0:00:17]} 31. Kd3 {[%emt 0:00:18]} Ke7 {[%emt 0:00:43]} 32. Kc3 {[%emt 0:00:42]} a5 {[%emt 0:01:02]} 33. Kb3 {[%emt 0:00:43]} Kd7 {[%emt 0:00:35]} 34. Ka4 {[%emt 0:01:42]} c5 {[%emt 0:00:32]} 35. Kxa5 {[%emt 0:00:59]} Kc6 {[%emt 0:02:52]} 36. g3 {[%emt 0:03:39]} h5 {[%emt 0:00:38]} 37. f4 {[%emt 0:02:03]} gxf4 {[%emt 0:00:30]} 38. gxf4 {[%emt 0:00:09]} g6 {[%emt 0:00:27]} 39. h4 {[%emt 0:00:41]} cxd4 {[%emt 0:00:57]} 40. Kb4 {[%emt 0:00:39]} Kb6 {[%emt 0:15:37]} 41. a4 {[%emt 0:15:49]} d3 {[%emt 0:00:56]} 42. Kc3 {[%emt 0:01:01]} Ka5 {[%emt 0:00:12]} 43. Kxd3 {[%emt 0:00:44]} Kxa4 {[%emt 0:00:03]} 44. Kd4 {[%emt 0:00:25]} Kb4 {[%emt 0:00:11]} 45. Kd3 {[%emt 0:00:23]} Kc5 {[%emt 0:00:10]} 46. Kc3 {[%emt 0:00:32]} d4+ {[%emt 0:00:05]} 47. Kd3 {[%emt 0:00:14]} Kd5 {[%emt 0:00:06] Kxd4+} 0-1

[Event "GER-ch Youth U12M 2018"]
[Site "Willingen"]
[Date "2018.05.24"]
[Round "8"]
[White "Gluma, Christian"]
[Black "Roessel, Gino"]
[Result "0-1"]
[WhiteElo "1601"]
[BlackElo "1822"]
[Annotator "NA"]
[PlyCount "85"]
[EventDate "2018.05.19"]
[EventType "swiss"]
[EventCountry "GER"]
[SourceTitle "playchess.com"]
[Source "ChessBase"]
[SourceQuality "1"]
[TimeControl "40/4500+30:900+30"]

1. e4 {[%emt 0:00:00]} c5 {[%emt 0:00:08]} 2. Nf3 {[%emt 0:00:00]} d6 {[%emt 0:00:09]} 3. d4 {[%emt 0:00:00]} cxd4 {[%emt 0:00:06]} 4. Nxd4 {[%emt 0:00:00]} Nf6 {[%emt 0:00:14]} 5. Nc3 {[%emt 0:00:06]} a6 {[%emt 0:00:08]} 6. Be2 {[%emt 0:00:14]} e5 {[%emt 0:00:18]} 7. Nb3 {[%emt 0:00:07]} Be7 {[%emt 0:00:48]} 8. g4 {[%emt 0:00:15]} b5 {[%emt 0:13:50]} 9. g5 {[%emt 0:02:15]} Nfd7 {[%emt 0:01:46]} 10. Nd5 {[%emt 0:04:30]} Nb6 {[%emt 0:11:27]} 11. Be3 {[%emt 0:02:08]} N8d7 {[%emt 0:01:03]} 12. Qd2 {[%emt 0:16:05]} Bb7 {[%emt 0:02:53]} 13. Na5 {[%emt 0:03:47]} Bxd5 {[%emt 0:04:58]} 14. exd5 {[%emt 0:00:33]} Rc8 {[%emt 0:03:08]} 15. Nc6 {[%emt 0:04:03]} Qc7 {[%emt 0:00:35]} 16. Qa5 {[%emt 0:07:32]} Nxd5 {[%emt 0:07:30]} 17. Qxc7 {[%emt 0:00:44]} Rxc7 {[%emt 0:01:07]} 18. Nxe7 {[%emt 0:00:18]} Nxe3 {[%emt 0:01:26]} 19. fxe3 {[%emt 0:00:15]} Kxe7 {[%emt 0:00:07]} 20. Kd2 {[%emt 0:01:46]} Rhc8 {[%emt 0:03:04]} 21. c3 {[%emt 0:00:46]} Nb6 {[%emt 0:01:24]} 22. Rab1 {[%emt 0:02:36]} Nc4+ {[%emt 0:05:24]} 23. Kd3 {[%emt 0:00:25]} d5 {[%emt 0:01:17]} 24. Bg4 {[%emt 0:04:07]} Rd8 {[%emt 0:04:16]} 25. Rhe1 {[%emt 0:04:00]} e4+ {[%emt 0:03:59]} 26. Ke2 {[%emt 0:01:55]} Ne5 {[%emt 0:00:46]} 27. Rg1 {[%emt 0:01:38]} Rd6 {[%emt 0:04:31]} 28. h4 {[%emt 0:01:36]} Rc5 {[%emt 0:04:51]} 29. Rbd1 {[%emt 0:02:13]} Rdc6 {[%emt 0:01:33]} 30. a3 {[%emt 0:09:50]} Nd3 {[%emt 0:02:14]} 31. Rd2 {[%emt 0:01:07]} a5 {[%emt 0:01:24]} 32. Ra1 {[%emt 0:01:47]} Rc7 {[%emt 0:01:09]} 33. Bf5 {[%emt 0:05:09]} g6 {[%emt 0:00:27]} 34. Rxd3 {[%emt 0:01:51]} exd3+ {[%emt 0:01:06]} 35. Bxd3 {[%emt 0:00:05]} Rb7 {[%emt 0:01:00]} 36. Kd2 {[%emt 0:02:42]} b4 {[%emt 0:01:12]} 37. axb4 {[%emt 0:00:20]} axb4 {[%emt 0:00:11]} 38. Rf1 {[%emt 0:02:48]} bxc3+ {[%emt 0:00:25]} 39. bxc3 {[%emt 0:00:11]} Rb2+ {[%emt 0:01:30]} 40. Bc2 {[%emt 0:00:11]} Rc4 {[%emt 0:15:54]} 41. Rh1 {[%emt 0:16:19]} Rg4 {[%emt 0:01:07]} 42. Kd3 {[%emt 0:00:21]} Rg2 {[%emt 0:00:28]} 43. Kd4 0-1